<?xml version="1.0" encoding="UTF-8"?>
<collection xmlns="http://www.loc.gov/MARC21/slim">
 <record>
  <leader>00519pamaa2200157   4500</leader>
  <controlfield tag="001">0000022885</controlfield>
  <controlfield tag="005">20000126090000.0</controlfield>
  <datafield tag="020" ind1="0" ind2="0">
   <subfield code="a">0648856093 (pbk) </subfield>
  </datafield>
  <datafield tag="090" ind1="0" ind2="0">
   <subfield code="a">158.0835 </subfield>
   <subfield code="b">COV</subfield>
  </datafield>
  <datafield tag="100" ind1="1" ind2="0">
   <subfield code="a">COVEY </subfield>
  </datafield>
  <datafield tag="245" ind1="1" ind2="4">
   <subfield code="a">The 7 habits of highly effective teens : </subfield>
   <subfield code="b">the ultimate teenage success guide  </subfield>
   <subfield code="c">Sean Covey.</subfield>
  </datafield>
  <datafield tag="260" ind1="0" ind2="0">
   <subfield code="a">New York: </subfield>
   <subfield code="b">Simon &amp; Schuster, </subfield>
   <subfield code="c">1998.</subfield>
  </datafield>
  <datafield tag="300" ind1=" " ind2=" ">
   <subfield code="a">268p.: </subfield>
   <subfield code="b">ill.; </subfield>
   <subfield code="c">24cm.</subfield>
  </datafield>
  <datafield tag="650" ind1="0" ind2="0">
   <subfield code="a">Teenagers -- </subfield>
   <subfield code="x">Conduct of life </subfield>
  </datafield>
  <datafield tag="650" ind1="0" ind2="0">
   <subfield code="a">Teenagers -- </subfield>
   <subfield code="x">Life skills guides </subfield>
  </datafield>
  <datafield tag="650" ind1="0" ind2="0">
   <subfield code="a">Success -- </subfield>
   <subfield code="x">Psychological aspects </subfield>
  </datafield>
 </record>
</collection>
